Üdvözlet Poprádról

Zobrazenie: Pohľad v bielom orámovaní na mesto Poprad z diaľky. V popredí sú lúky, na ktorých riedko rastú kríky a listnaté stromy. Vľavo v pozadí vidno kostol a vpravo od neho ďalší kostol aj so zvonicou

Bibliographic Details
Format: Photo
Language:Hungarian
German
Published: Bártfa Divald Adolf [medzi 1869 a 1907?]
Subjects:

MARC

LEADER 00000nkm a2200000 a 4500
001 vtls011826790
003 SK-MaSNL
005 20260301143116.0
007 kf bo
008 230706q1869 xo g kuhun
015 |a SNBG 
035 |a urn:nbn:sk:snk-km00dthz 
035 |a urn:nbn:sk:snk-km3luil 
035 |a 3AB2349D-FEF2-4425-BF2E-9213DCBFF344 
040 |a SNK  |b slo  |c SNK  |e AACR2 
041 0 |a hun  |a ger 
043 |a e-xo--- 
044 |a xo  |c SK 
072 7 |a 913  |x Regionálna geografia  |2 konspekt 
080 |a 913(437.6)  |2 2011 
080 |a 726:27-523.42  |2 2011 
080 |a 726.9  |2 2011 
080 |a 94(084.121)  |2 2011 
245 0 0 |a Üdvözlet Poprádról  |h grafika 
246 3 1 |a Gruss aus Poprád 
260 |a Bártfa  |b Divald Adolf  |c [medzi 1869 a 1907?] 
300 |a 1 pohľadnica  |b čiernobiela  |c 9 x 15 cm 
500 |a Názvové údaje prevzaté z obrazovej časti pohľadnice 
520 8 |a Zobrazenie: Pohľad v bielom orámovaní na mesto Poprad z diaľky. V popredí sú lúky, na ktorých riedko rastú kríky a listnaté stromy. Vľavo v pozadí vidno kostol a vpravo od neho ďalší kostol aj so zvonicou 
546 |a Súbežný názov a podnázov v nem. 
650 0 7 |a kostoly  |2 SNKPH  |9 3023 
650 0 7 |a zvonice  |2 SNKPH  |9 37813 
651 7 |a Poprad (Slovensko)  |2 SNKPHgeo  |9 20155 
655 7 |a miestne pohľadnice  |2 SNKPH  |9 70510 
655 7 |a historické pohľadnice  |2 SNKPH  |9 159703 
752 |a Slovensko  |d Bardejov 
852 |a Slovenská národná knižnica 
958 |a ONDV 
958 |a GBN 
958 |a GC 
999 |c 772621  |d 774551 
952 |a SNK  |b SNK  |y PREZ  |7 0  |p 17A1292436  |o snkSP 124788  |z Pohľadnica prešla poštou.  |0 0  |1 0  |4 0  |d 2018-11-30  |f 1  |l 0  |r 2026-02-24 00:39:40  |w 2026-02-24